| 000 | 00468 a2200169 4500 | ||
|---|---|---|---|
| 003 | OSt | ||
| 005 | 20231009145218.0 | ||
| 008 | 231009b |||||||| |||| 00| 0 eng d | ||
| 020 | _a9781784873363 | ||
| 040 | _coclc | ||
| 082 |
_a823.914 _bTHI/P |
||
| 100 |
_aThiongo, Ngugi Wa _95793 |
||
| 245 |
_aPetals of blood / _bNgũgĩ wa Thiongʾo |
||
| 260 |
_bVintage, _c2023. |
||
| 300 | _a409 p | ||
| 942 |
_2ddc _cBK _h823.914 _iTHI/P _k823.914 _mTHI/P |
||
| 999 |
_c42607 _d42607 |
||